000 00826nam a2200229 a 4500
001 23515
003 CO-ViMGA
008 141112s2004 ck r 000 u spa d
015 _ack - 2009 - xxxx
040 _aCO-ViMGA
_bspa
_cCO-ViMGA
082 0 4 _aAv636.63 H64c
110 _aHogares Juveniles Campesinos
_92311
245 1 0 _aCodorniz [videograbación] :
_bmanejo e instalaciones /
_cHogares Juveniles Campesinos
260 _aBogotá :
_bHogares Juveniles Campesinos,
_c2009
300 _a1 DVD ; 4 3/4 plg.
490 _aVideoteca del campo. Granja integral autosuficiente ; no. 72
598 _aNEW - GRAL, NEW
650 1 4 _aCría de codornices - Videograbaciones
_933878
917 _a2009 - 5979 1 ejemplar
942 _2ddc
_cBK
990 _a2009 - 5979 Hogares Juveniles Campesinos 1 ejemplar 12 03092009 a676552
999 _c31644
_d31644